La "invención" de san Cebrián de Mazote / (Record no. 188904)

MARC details
000 -LEADER
campo de control de longitud fija 01011nam a2200265 i 4500
001 - NÚMERO DE CONTROL
campo de control 188904
003 - IDENTIFICADOR DE NÚMERO DE CONTROL
campo de control SpMaBN
005 - FECHA Y HORA DE LA ÚLTIMA TRANSACCIÓN
campo de control 20240102185002.0
007 - CAMPO FIJO DE DESCRIPCIÓN FÍSICA--INFORMACIÓN GENERAL
campo de control de longitud fija t|
008 - DATOS DE LONGITUD FIJA--INFORMACIÓN GENERAL
campo de control de longitud fija 190225s2016 sp ao |||| | spa d
020 ## - NÚMERO INTERNACIONAL ESTÁNDAR DEL LIBRO
Número Internacional Estándar del Libro 978-84-617-8953-5
080 ## - NÚMERO DE LA CLASIFICACIÓN DECIMAL UNIVERSAL
Número de la Clasificación Decimal Universal 726:27-523.42(460.185 San Cebrián de Mazote)
100 1# - ENTRADA PRINCIPAL--NOMBRE DE PERSONA
Nombre de persona Regueras Grande, Fernando.
9 (RLIN) 156140
245 13 - MENCIÓN DEL TÍTULO
Título La "invención" de san Cebrián de Mazote /
Mención de responsabilidad, etc. [Fernando Regueras Grande].
260 ## - PUBLICACIÓN, DISTRIBUCIÓN, ETC.
Lugar de publicación, distribución, etc. [Valladolid] :
Nombre del editor, distribuidor, etc. Domus Pucelae,
Fecha de publicación, distribución, etc. [2016]
300 ## - DESCRIPCIÓN FÍSICA
Extensión 137 p. :
Otras características físicas il. col. y n. ;
Dimensiones 22 x 25 cm.
500 ## - NOTA GENERAL
Nota general Glosario.
504 ## - NOTA DE BIBLIOGRAFÍA, ETC.
Nota de bibliografía, etc. Bibliografía: p. 119-127.
610 27 - PUNTO DE ACCESO ADICIONAL DE MATERIA--NOMBRE DE ENTIDAD CORPORATIVA
Nombre de entidad corporativa o nombre de jurisdicción como elemento de entrada Iglesia de San Cebrián de Mazote.
9 (RLIN) 166449
651 #7 - PUNTO DE ACCESO ADICIONAL DE MATERIA--NOMBRE GEOGRÁFICO
Nombre geográfico San Cebrián de Mazote-
Subdivisión general Edificios, estructuras, etc.
9 (RLIN) 166450
852 ## - LOCALIZACIÓN
Ubicación ES-MaACL
Número de control de estantería A-14403
itemnumber 196038
Sublocalización o colección R.151771
Ubicación en estantería Depósito 1
Signatura antigua Olim: N-7403
Anotaciones manuscritas Dedicatoria autógrafa del autor
Donativo/Legado Donación: Fernando Regueras Grande
903 ## - NOMBRE PERSONAL DE DONANTE
9 156140
a Regueras Grande, Fernando
e Donante
942 ## - ELEMENTOS DE ENTRADA SECUNDARIOS (KOHA)
Fuente del sistema de clasificación o colocación Clasificación decimal universal
Tipo de ítem Koha Libro impreso
Holdings
Estatus retirado Estado de pérdida Fuente del sistema de clasificación o colocación Estado de daño No para préstamo Colección Biblioteca de origen Biblioteca actual Ubicación en estantería Fecha de adquisición Fuente de adquisición Total de préstamos Signatura topográfica completa Código de barras Visto por última vez Precio de reemplazo Tipo de ítem Koha Nota pública
    Clasificación decimal universal     Libros con dedicatorias Biblioteca del Ateneo de Madrid Biblioteca del Ateneo de Madrid Depósito 1 25/02/2019 Donación   A-14403 1200053 23/02/2023 23/02/2023 Libro impreso Dedicatoria autógrafa del autor